1503 1781 1822 1414 1144 1477 1774 1442 1373 1175 1831 1000 1333 1931 1820 1970 1188 1935 1086 1591 1056 1260 1923 1507 1677 1787 1723 1197 1311 1478 1375 1455 1198 1573 1738 1515 1231 1625 1478 1449 1813 1662 1021 1593 1987 1464 1519 1926 1308 1001 1662 1841 1292 1046 1596 1925 1730 1945 1446 1084 1608 1796 1468 1845 1219 1823 1363 1775 1127 1425 1316 1132 1938 1798 1615 1817 1431 1350 1333 1677 1041 1434 1162 1059 1029 1013 1836 1392 1223 1156 1072 1060 1586 1403 1605 1470 1579 1050 1112 BCNSPRNW ULIB Ver.6.0+V

เปลี่ยนเป็นภาษาไทย

Change to English
 แสดงรายละเอียดบรรณานุกรม
  กลับหน้าหลัก

Brief Record : Get Marc (ISO 2709) : E-mail record : QR code < ปิดหน้าต่าง
LEADER : 00000nam 2200000uu 4500
001    13399111505
003     ULIB
008    110629s2544||||th 000 0 tha d
020    9743490441
020    9789743490446
060 00 QV177^bส854ย 2544
100 0  สุรศักดิ์ ฐานีพานิชสกุล
245 10 ยาฉีดคุมกำเนิด DMPA /^cสุรศักดิ์ ฐานีพานิชกุล
250    พิมพ์ครั้งที่ 1
260    กรุงเทพฯ :^bโรงพิมพ์แห่งจุฬาลงกรณ์มหาวิทยาลัย,^c2544
300    196 หน้า :^bตาราง
504    มีบรรณานุกรมและดรรชนีประกอบ
650  0 Contraceptive drugs, Injectable^zThailand
650  0 Injections
650  2 Family planning
650  2 Contraception
945    ^p150^l0^i13864
945    ^p150^l0^i24396
995    กัณชพร
999    ^aใช้งานได้ทุกระบบ
รายการนี้ยังไม่มีแท็ก
คุณยังไม่ได้ล็อกอิน คุณสามารถมีกิจกรรมร่วมกับเว็บไซต์ได้ แต่ต้องล็อกอินก่อน ::
  ล็อกอิน

รายการสื่อสารสนเทศ

ลำดับที่ ประเภท เลขเรียก/บาร์โค้ด สถานที่ สถานะ
1. วิทยาศาสตร์การแพทย์ และสุขภาพ
วิทยาศาสตร์การแพทย์ และสุขภาพ
QV177 ส854ย 2544 ฉ.2 
  Barcode: 24396
ห้องสมุดวิทยาเขตสวรรค์ประชารักษ์
►หนังสือทั่วไป
บนชั้น

รายการใกล้เคียง
    ผู้แต่ง [สุรศักดิ์ ฐานีพานิชสกุล]

    หัวเรื่อง [Injections]
    หัวเรื่อง [Family planning]
    หัวเรื่อง [Contraception]

BibComment


ยังไม่เคยถูกคอมเมนท์

คอมเมนท์ทรัพยากรรายการนี้
  คอมเมนท์: ยาฉีดคุมกำเนิด DM..


 Copyright 2026. Bcnsprnw @Library